| 000 | 00904cab a2200289 4500 | ||
|---|---|---|---|
| 001 | WB2845-57 | ||
| 008 | 090401t1992 xxu||||| |||| 00| 0 eng d | ||
| 035 | _a(Sirsi) u63685 | ||
| 041 | _aeng | ||
| 245 | _aTenders invited for Midlands metro | ||
| 260 | _c1992 | ||
| 350 | _a0 | ||
| 490 |
_aFinancial Times _v17 Noveber 1992, 8(1) |
||
| 520 | _aBoosted by the Government commitment to public and private sector funding of infrastructure expressed in the Autumn Statement, West Midlands Passenger Transport Authority has invited tenders for light rail projects. | ||
| 650 | _aBIRMINGHAM | ||
| 650 | _aCENTRO | ||
| 650 | _aFUNDING | ||
| 650 | _aJOINT VENTURES | ||
| 650 | _aLIGHT RAIL | ||
| 650 | _aMETRO | ||
| 650 | _aPRIVATE SECTOR FUNDING | ||
| 650 | _aPUBLIC SECTOR FUNDING | ||
| 650 | _aRAILWAYS | ||
| 690 | _aTRANSPORT AND COMMUNICATIONS | ||
| 942 | _n0 | ||
| 948 | _c04/03/1997 | ||
| 999 |
_c39604 _d39604 |
||